000 00295nam a22001337a 4500
008 180130b xxu||||| |||| 00| 0 eng d
020 _a9780760323106
041 _aeng
080 _a62
100 _a27
101 _aeng
245 _aultimate performannce cars
_ccraig.ch
942 _2udc
_cBK
999 _c41279
_d41279